1877 1123 1596 1110 1536 1744 1469 1441 1009 1557 1003 1761 1874 1258 1484 1916 1417 1640 1165 1268 1744 1543 1006 1294 1904 1659 1135 1941 1856 1994 1210 1701 1949 1641 1089 1815 1921 1045 1341 1943 1190 1151 1021 1334 1292 1217 1237 1129 1257 1299 1679 1179 1470 1526 1564 1055 1071 1080 1299 1971 1743 1093 1104 1165 1993 1709 1577 1270 1113 1859 1265 1432 1120 1429 1928 1011 1587 1650 1326 1053 1278 1990 1651 1903 1055 1441 1675 1658 1386 1215 1487 1985 1331 1766 1449 1977 1582 1583 1225 BCNSPRNW ULIB Ver.6.0+V

เปลี่ยนเป็นภาษาไทย

Change to English
 แสดงรายละเอียดบรรณานุกรม
  กลับหน้าหลัก

Brief Record : Get Marc (ISO 2709) : E-mail record : QR code < ปิดหน้าต่าง
LEADER : 00000nam 2200000uu 4500
001    13399126851
003     ULIB
008    020711s2561 th a 000 0 tha d
060    วจ^aWY18^bภ363ร
100    ^aภัทรวดี ศรีนวล.
245    ^aรายงานการวิจัย เรื่อง ผลของโปรแกรมการจัดการความเครียดต่อความเครียดของนักศึกษาพยาบาล : The Effects of Stress Management Program on Stress of the Nursing Students
260    ^aชัยนาท :^bวิทยาลัยพยาบาลบรมราชชนนี ชัยนาท,^c2561
650    ^aพยาบาล^xความเครียด
945    ^p0^l0^i005510
999    ^aประนอม เกษจรัล
รายการนี้ยังไม่มีแท็ก
คุณยังไม่ได้ล็อกอิน คุณสามารถมีกิจกรรมร่วมกับเว็บไซต์ได้ แต่ต้องล็อกอินก่อน ::
  ล็อกอิน

รายการสื่อสารสนเทศ

ลำดับที่ ประเภท เลขเรียก/บาร์โค้ด สถานที่ สถานะ
1. Book การพยาบาล
Book การพยาบาล
วจ WY18 ภ363ร ฉ.1 
  Barcode: 005510
ห้องสมุดวิทยาเขตสวรรค์ประชารักษ์
►หนังสือทั่วไป
บนชั้น

BibComment


ยังไม่เคยถูกคอมเมนท์

คอมเมนท์ทรัพยากรรายการนี้
  คอมเมนท์: รายงานการวิจัย เ..


 Copyright 2026. Bcnsprnw @Library